2020 ESPN top 20 Fantasy Football scoring leaders - Statistics

General Stats
  • This quiz has been taken 137 times
  • The average score is 16 of 20
Answer Stats
Position Fantasy Points Answer % Correct
QB 374.4 Patrick Mahomes
99%
QB 396.06 Josh Allen
97%
QB 332.78 Lamar Jackson
95%
QB 337.92 Tom Brady
95%
TE 312.76 Travis Kelce
95%
QB 383.26 Aaron Rodgers
92%
WR 358.4 Davante Adams
90%
RB 331.1 Derrick Henry
89%
QB 359.78 Russell Wilson
86%
RB 377.8 Alvin Kamara
83%
QB 378.74 Kyler Murray
83%
WR 328.9 Tyreek Hill
83%
RB 337.8 Dalvin Cook
78%
QB 332.84 Justin Herbert
78%
WR 287.8 DeAndre Hopkins
73%
QB 369.32 Deshaun Watson
71%
WR 328.6 Stefon Diggs
71%
QB 306.2 Kirk Cousins
69%
QB 282.44 Matt Ryan
59%
QB 344.36 Ryan Tannehill
57%
No matching quizzes found
Score Distribution
Percent of People with Each Score
Percentile by Number Answered
Your Score History
You have not taken this quiz